Sports Quiz

Random Sports or NHL Quiz

Big 4 Athletes in the 'Wrong' Uniforms Quiz Stats

Quiz Updated Jul 1, 2016

Challenge
Share
Tweet
Score 0/30 Timer 08:00
8 Plays Today
% Correct
Babe Ruth
97.4%
Dwight Howard
88.4%
Kevin Durant
88.1%
Emmitt Smith
85.6%
Jason Kidd
84.1%
Steve Nash
84.1%
Brett Favre
81.4%
Joe Montana
81.1%
Paul Pierce
79.8%
Pete Rose
77.8%
Ken Griffey, Jr.
77.6%
Joe Namath
77%
Steve Young
76.2%
Jerry Rice
74.5%
Reggie Jackson
73.2%
% Correct
Wayne Gretzky
71.2%
Mike Piazza
68.8%
O.J. Simpson
68.3%
Frank Thomas
67.4%
Rickey Henderson
64.7%
Hank Aaron
64%
Johnny Unitas
63.9%
Willie Mays
63.8%
Gordie Howe
61%
Wade Boggs
56.9%
Bobby Orr
52.4%
Martin Brodeur
52.3%
Brett Hull
44%
Harmon Killebrew
37.6%
Ray Bourque
32.4%

You're not logged in!

Compare scores with friends on all Sporcle quizzes.
Sign Up with Email
OR
Log In

You Might Also Like...

Show Comments

Extras

Top Quizzes Today


Score Distribution

Your Account Isn't Verified!

In order to create a playlist on Sporcle, you need to verify the email address you used during registration. Go to your Sporcle Settings to finish the process.